<?xml version="1.0" encoding="UTF-8"?>
<record
    xmlns:xsi="http://www.w3.org/2001/XMLSchema-instance"
    xsi:schemaLocation="http://www.loc.gov/MARC21/slim http://www.loc.gov/standards/marcxml/schema/MARC21slim.xsd"
    xmlns="http://www.loc.gov/MARC21/slim">

  <leader>00364nam a2200157Ia 4500</leader>
  <controlfield tag="008">230718s9999    xx            000 0 und d</controlfield>
  <datafield tag="041" ind1=" " ind2=" ">
    <subfield code="a">eng</subfield>
  </datafield>
  <datafield tag="082" ind1=" " ind2=" ">
    <subfield code="a">650.14</subfield>
    <subfield code="b">NEL</subfield>
  </datafield>
  <datafield tag="100" ind1=" " ind2=" ">
    <subfield code="a">Nelson R.</subfield>
    <subfield code="9">113681</subfield>
  </datafield>
  <datafield tag="245" ind1=" " ind2=" ">
    <subfield code="a">What Colour Is Your Parachute</subfield>
  </datafield>
  <datafield tag="260" ind1=" " ind2=" ">
    <subfield code="c">1997</subfield>
    <subfield code="b">Ten Speed</subfield>
  </datafield>
  <datafield tag="300" ind1=" " ind2=" ">
    <subfield code="a">293</subfield>
  </datafield>
  <datafield tag="365" ind1=" " ind2=" ">
    <subfield code="c">Rs.</subfield>
  </datafield>
  <datafield tag="700" ind1=" " ind2=" ">
    <subfield code="a">Nelson R.</subfield>
    <subfield code="9">113681</subfield>
  </datafield>
  <datafield tag="906" ind1=" " ind2=" ">
    <subfield code="c">OTH</subfield>
  </datafield>
  <datafield tag="999" ind1=" " ind2=" ">
    <subfield code="c">297247</subfield>
    <subfield code="d">297247</subfield>
  </datafield>
  <datafield tag="952" ind1=" " ind2=" ">
    <subfield code="0">0</subfield>
    <subfield code="1">0</subfield>
    <subfield code="4">0</subfield>
    <subfield code="7">0</subfield>
    <subfield code="a">CCEP</subfield>
    <subfield code="b">CCEP</subfield>
    <subfield code="d">1998-08-08</subfield>
    <subfield code="e">Pradeep Book Distributors</subfield>
    <subfield code="f">OTH</subfield>
    <subfield code="l">0</subfield>
    <subfield code="o">650.14</subfield>
    <subfield code="p">CCEP-BK-8453</subfield>
    <subfield code="r">2023-07-18 00:00:00</subfield>
    <subfield code="w">2023-07-18</subfield>
    <subfield code="y">BK</subfield>
    <subfield code="z">008453</subfield>
  </datafield>
</record>
